Грамматика немецкого языка : (Record no. 515744)
[ view plain ]
| 000 -LEADER | |
|---|---|
| fixed length control field | 01094nam a2200217 a 4500 |
| 001 - CONTROL NUMBER | |
| control field | 000083300 |
| 003 - CONTROL NUMBER IDENTIFIER | |
| control field | AM-YEHGA |
| 005 - DATE AND TIME OF LATEST TRANSACTION | |
| control field | 20250617163955.0 |
| 008 - FIXED-LENGTH DATA ELEMENTS--GENERAL INFORMATION | |
| fixed length control field | 000503s1962 ru |||||||||||||||||rus d |
| 020 ## - INTERNATIONAL STANDARD BOOK NUMBER | |
| Terms of availability | 4.00 |
| 040 ## - CATALOGING SOURCE | |
| Original cataloging agency | AM-YeHGA |
| 090 ## - LOCALLY ASSIGNED LC-TYPE CALL NUMBER (OCLC); LOCAL CALL NUMBER (RLIN) | |
| -- | 519285 |
| 100 1# - MAIN ENTRY--PERSONAL NAME | |
| Personal name | Фридберг, Михаил Хацкелевич |
| 245 10 - TITLE STATEMENT | |
| Title | Грамматика немецкого языка : |
| Remainder of title | Определение : Пособие для заочников / |
| Statement of responsibility, etc. | М.Х. Фридберг ; Отв. ред. Л.И. Левинсон. |
| 260 ## - PUBLICATION, DISTRIBUTION, ETC. | |
| Place of publication, distribution, etc. | Л. : |
| Name of publisher, distributor, etc. | ЛГУ , |
| Date of publication, distribution, etc. | 1962. |
| 300 ## - PHYSICAL DESCRIPTION | |
| Extent | 33 с. |
| 550 ## - ISSUING BODY NOTE | |
| Issuing body note | Ленинградский гос. ун-т им. А.А. Жданова. Отд. вечернего и заочного обучения, Кафедра немецкого языка |
| 650 #4 - SUBJECT ADDED ENTRY--TOPICAL TERM | |
| Topical term or geographic name entry element | Немецкий язык - Грамматика |
| 700 1# - ADDED ENTRY--PERSONAL NAME | |
| Personal name | Левинсон, Л.И. |
| Relationship | edt |
| 710 2# - ADDED ENTRY--CORPORATE NAME | |
| Corporate name or jurisdiction name as entry element | Ленинградский гос. ун-т им. А.А. Жданова. Отд. вечернего и заочного обучения, Кафедра немецкого языка |
| Withdrawn status | Lost status | Source of classification or shelving scheme | Damaged status | Not for loan | Collection | Home library | Current library | Date acquired | Total checkouts | Full call number | Barcode | Date last seen | Price effective from | Koha item type | Public note |
|---|---|---|---|---|---|---|---|---|---|---|---|---|---|---|---|
| Universal Decimal Classification | General | Fundamental Scientific Library | Fundamental Scientific Library | 23/09/2021 | PII/61708 | FL0660689 | 23/09/2021 | 23/09/2021 | Գրքեր / Books | 30 Days Loan | |||||
| Universal Decimal Classification | General | Fundamental Scientific Library | Fundamental Scientific Library | 26/10/2021 | PII/64787 | FL0662443 | 26/10/2021 | 26/10/2021 | Գրքեր / Books | 30 Days Loan |
ՀՀ Գիտությունների ազգային ակադեմիայի հիմնարար գիտական գրադարան = Fundamental Scientific Library of NAS RA
All site content, except where otherwise noted, is licensed under a